<?xml version="1.0" encoding="UTF-8"?>
<record
    xmlns:xsi="http://www.w3.org/2001/XMLSchema-instance"
    xsi:schemaLocation="http://www.loc.gov/MARC21/slim http://www.loc.gov/standards/marcxml/schema/MARC21slim.xsd"
    xmlns="http://www.loc.gov/MARC21/slim">

  <leader>00523nam a2200181Ia 4500</leader>
  <controlfield tag="008">230917s9999||||xx |||||||||||||| ||und||</controlfield>
  <datafield tag="020" ind1=" " ind2=" ">
    <subfield code="c">RS670</subfield>
  </datafield>
  <datafield tag="040" ind1=" " ind2=" ">
    <subfield code="e">256304</subfield>
    <subfield code="a">MAIN</subfield>
  </datafield>
  <datafield tag="041" ind1=" " ind2=" ">
    <subfield code="a">English</subfield>
  </datafield>
  <datafield tag="082" ind1=" " ind2=" ">
    <subfield code="a">658.472 S23B(4)</subfield>
  </datafield>
  <datafield tag="100" ind1=" " ind2=" ">
    <subfield code="a">Sharda, Ramesh</subfield>
  </datafield>
  <datafield tag="245" ind1=" " ind2="0">
    <subfield code="a">Business intelligence, analytics and data science: A managerial perspective</subfield>
  </datafield>
  <datafield tag="250" ind1=" " ind2=" ">
    <subfield code="a">4th ed.</subfield>
  </datafield>
  <datafield tag="260" ind1=" " ind2=" ">
    <subfield code="a">Noida</subfield>
    <subfield code="b">Pearson India Education</subfield>
    <subfield code="c">2019</subfield>
  </datafield>
  <datafield tag="300" ind1=" " ind2=" ">
    <subfield code="a">512 p.</subfield>
  </datafield>
  <datafield tag="500" ind1=" " ind2=" ">
    <subfield code="a">3938 03/01/2020 HBD19/7861 20/07/2019 Main Budget</subfield>
  </datafield>
  <datafield tag="942" ind1=" " ind2=" ">
    <subfield code="c">BK</subfield>
  </datafield>
  <datafield tag="952" ind1=" " ind2=" ">
    <subfield code="0">0</subfield>
    <subfield code="1">0</subfield>
    <subfield code="4">0</subfield>
    <subfield code="6">658_472000000000000_S23B4</subfield>
    <subfield code="7">0</subfield>
    <subfield code="9">64493</subfield>
    <subfield code="a">MAIN</subfield>
    <subfield code="b">MAIN</subfield>
    <subfield code="c">IMSAR</subfield>
    <subfield code="d">2019-08-26</subfield>
    <subfield code="g">670.00</subfield>
    <subfield code="l">0</subfield>
    <subfield code="o">658.472 S23B(4)</subfield>
    <subfield code="p">388902</subfield>
    <subfield code="r">2023-09-17 20:38:49</subfield>
    <subfield code="w">2023-09-17</subfield>
    <subfield code="y">BK</subfield>
  </datafield>
  <datafield tag="952" ind1=" " ind2=" ">
    <subfield code="0">0</subfield>
    <subfield code="1">0</subfield>
    <subfield code="4">0</subfield>
    <subfield code="6">658_472000000000000_S23B4</subfield>
    <subfield code="7">0</subfield>
    <subfield code="9">64494</subfield>
    <subfield code="a">MAIN</subfield>
    <subfield code="b">MAIN</subfield>
    <subfield code="c">IMSAR</subfield>
    <subfield code="d">2019-08-26</subfield>
    <subfield code="g">670.00</subfield>
    <subfield code="l">0</subfield>
    <subfield code="o">658.472 S23B(4)</subfield>
    <subfield code="p">388903</subfield>
    <subfield code="r">2023-09-17 20:38:49</subfield>
    <subfield code="w">2023-09-17</subfield>
    <subfield code="y">BK</subfield>
  </datafield>
  <datafield tag="952" ind1=" " ind2=" ">
    <subfield code="0">0</subfield>
    <subfield code="1">0</subfield>
    <subfield code="4">0</subfield>
    <subfield code="6">658_472000000000000_S23B4</subfield>
    <subfield code="7">0</subfield>
    <subfield code="9">64495</subfield>
    <subfield code="a">MAIN</subfield>
    <subfield code="b">MAIN</subfield>
    <subfield code="c">IMSAR</subfield>
    <subfield code="d">2019-08-26</subfield>
    <subfield code="g">670.00</subfield>
    <subfield code="l">0</subfield>
    <subfield code="o">658.472 S23B(4)</subfield>
    <subfield code="p">388904</subfield>
    <subfield code="r">2023-09-17 20:38:49</subfield>
    <subfield code="w">2023-09-17</subfield>
    <subfield code="y">BK</subfield>
  </datafield>
  <datafield tag="952" ind1=" " ind2=" ">
    <subfield code="0">0</subfield>
    <subfield code="1">0</subfield>
    <subfield code="4">0</subfield>
    <subfield code="6">658_472000000000000_S23B4</subfield>
    <subfield code="7">0</subfield>
    <subfield code="9">64496</subfield>
    <subfield code="a">MAIN</subfield>
    <subfield code="b">MAIN</subfield>
    <subfield code="c">IMSAR</subfield>
    <subfield code="d">2019-08-26</subfield>
    <subfield code="g">670.00</subfield>
    <subfield code="l">0</subfield>
    <subfield code="o">658.472 S23B(4)</subfield>
    <subfield code="p">388905</subfield>
    <subfield code="r">2023-09-17 20:38:49</subfield>
    <subfield code="w">2023-09-17</subfield>
    <subfield code="y">BK</subfield>
  </datafield>
  <datafield tag="952" ind1=" " ind2=" ">
    <subfield code="0">0</subfield>
    <subfield code="1">0</subfield>
    <subfield code="4">0</subfield>
    <subfield code="6">658_472000000000000_S23B4</subfield>
    <subfield code="7">0</subfield>
    <subfield code="9">64497</subfield>
    <subfield code="a">MAIN</subfield>
    <subfield code="b">MAIN</subfield>
    <subfield code="c">IMSAR</subfield>
    <subfield code="d">2019-08-26</subfield>
    <subfield code="g">670.00</subfield>
    <subfield code="l">0</subfield>
    <subfield code="o">658.472 S23B(4)</subfield>
    <subfield code="p">388906</subfield>
    <subfield code="r">2023-09-17 20:38:49</subfield>
    <subfield code="w">2023-09-17</subfield>
    <subfield code="y">BK</subfield>
  </datafield>
  <datafield tag="999" ind1=" " ind2=" ">
    <subfield code="c">34087</subfield>
    <subfield code="d">34087</subfield>
  </datafield>
</record>
